| 000 | 01665nam a2200241Ia 4500 | ||
|---|---|---|---|
| 003 | Ost | ||
| 005 | 20260507075446.0 | ||
| 008 | 260507s9999||||xx |||||||||||||| ||und|| | ||
| 040 | _cfsecg | ||
| 041 | _aara | ||
| 082 | _a658.800285 | ||
| 100 |
_aطه، طارق _eمؤلف |
||
| 245 | 0 |
_aالتسويق بالانترنت والتجارة الالكترونية / _c طارق طه |
|
| 260 |
_aالاسكندرية: _bدار الفكرالجامعي, _c2008 |
||
| 300 |
_a627 صفحة؛ _bإيضاحات ؛ _c24 سم |
||
| 504 | _aبيبليوغرافيا نهاية كل مرجع | ||
| 520 | _aالتسويق بالانترنت والتجارة الإلكترونية/التسويق بالانترنت/مفاهيم واساسيات التسويق بالانترنت /الاسواق التقليدية و الالكترونية /تطبيقات التسويق بالانترنت /التسويق العالمي /تسويق الخدمات /التجارة الالكترونية/فئات ونماذج أعمال التجارة الالكترونية البنية التحتية لتقنيات التجارة الالكترونية المكونات المادية للحاسبات الألية ،البنية التحتية لتقنيات التجارة الالكترونية المكونات غيرالمادية للحاسبات الألية،البنية التحتية لتقنيات التجارة الالكترونية شبكات الحاسبات والأنترنيت والاكسترانت | ||
| 653 | _aانترنت | ||
| 653 | _aتجارة الكترونية | ||
| 653 | _aتسويق | ||
| 653 | _aتسويق الخدمات | ||
| 942 | _cكتاب | ||
| 999 |
_c44581 _d44581 |
||